Statistics for Destiny 2 Exotic Weapon Perks

Click here to take the quiz!

General Stats

  • This quiz has been taken 823 times
  • The average score is 14 of 25

Answer Stats

HintAnswer% Correct
Arc ConductorRiskrunner
87%
White NailWhisper of the Worm
87%
SunburnSunshot
83%
Black HoleGraviton Lance
77%
Personal AssistantD.A.R.C.I.
74%
Banned WeaponCrimson
73%
Insectoid Robot GrenadesThe Colony
71%
The Perfect FifthPolaris Lance
64%
Prismatic InfernoPrometheus Lens
64%
Ride the BullThe Huckleberry
64%
The Fate of all FoolsJade Rabbit
62%
Mad ScientistWardcliff Coil
60%
Volatile LightHard Light
58%
Repulsor ForceTractor Cannon
57%
Slug RifleSkyburner's Oath
55%
DornroschenSleeper Simulant
52%
PaydaySweet Business
44%
Shock BlastLegend of Acrius
43%
TesseractWorldline Zero
39%
Harsh TruthsVigilance Wing
37%
AccompliceSturm
36%
ExcavationThe Prospector
28%
Delayed GratificationFighting Lion
19%
Conserve MomentumMerciless
15%
Unplanned ReprieveTelesto
14%

Score Distribution

Percentile by Number Answered

Percent of People with Each Score

Your Score History

You have not taken this quiz